| 000 | 00520nam a2200133Ia 4500 | ||
|---|---|---|---|
| 008 | 220620s9999||||xx |||||||||||||| ||und|| | ||
| 022 | _a16648714 | ||
| 100 | _aMariëtte Huizinga||Dieter Baeyens||Jacob A. Burack | ||
| 245 | 0 | _aExecutive Function and Education | |
| 546 | _aEnglish[eng] | ||
| 650 | _adevelopment||education||academic achievement||teachers||intervention||family||executive function||parents | ||
| 856 | _uhttps://www.frontiersin.org/research-topics/4842/executive-function-and-education | ||
| 942 | _cEB | ||
| 999 |
_c34012 _d34012 |
||